El ideario de Rudyard Kipling a través de su obra "El libro de las Tierras Vírgenes"

Gespeichert in:
Bibliographische Detailangaben
1. Verfasser: Chaves Chavarría, Virginia
Format: Buch
Sprache:Undetermined
Veröffentlicht: San José, Costa Rica Escuela de Lenguas Modernas, Universidad de Costa Rica 1978
Schlagworte:
Tags: Tag hinzufügen
Keine Tags, Fügen Sie den ersten Tag hinzu!

MARC

LEADER 00000nam a2200000Ia 4500
008 170316s9999 xx 000 0 und d
040 |a cru BVZT 
090 |a Tesis 191 
100 |a Chaves Chavarría, Virginia 
245 |a El ideario de Rudyard Kipling a través de su obra "El libro de las Tierras Vírgenes" 
260 |a San José, Costa Rica 
260 |b Escuela de Lenguas Modernas, Universidad de Costa Rica 
260 |c 1978 
300 |a 115 páginas 
650 |a LICENCIATURA EN LITERATURA INGLESA 
650 |a TRABAJO FINAL DE GRADUACIÓN 
999 |c 13802  |d 13802 
942 |c TFG  |h Tesis 191  |2 z